000 00345nam a2200157Ia 4500
003 0STCL
008 150530s9999 xx 000 0 und d
040 _aSTCL
_cSTCL
100 _aTurgenev; Pyman; Tr
245 _aFathers and children
260 _c1921
546 _aEnglish
942 _2ddc
_cBK
999 _c58388
_d58388
005 20220125171046.0